| 000 | 00546nam a22001937a 4500 | ||
|---|---|---|---|
| 999 |
_c717 _d717 |
||
| 005 | 20250224105847.0 | ||
| 008 | 200816b ||||| |||| 00| 0 eng d | ||
| 020 | _a9781473749504 | ||
| 040 | _cKCST | ||
| 082 |
_a330 _bMa Pr |
||
| 100 |
_aMankiw, N. Gregory _9889 |
||
| 245 |
_aPrinciples of economics / _cN Gregory Mankiw; Mohamed H Rashwan |
||
| 250 |
_a3 _bArab world edition |
||
| 260 |
_aAndover : _bCengage Learning, _c2018. |
||
| 300 | _a683 p. | ||
| 650 |
_aEconomics. _9888 |
||
| 700 |
_aRashwan, Mohamed H _95163 |
||
| 942 |
_2ddc _cCTBK |
||